[Event "Politiken"]
[Site "Copenhagen DEN"]
[Date "1996.06.25"]
[Round "4"]
[White "Pedersen, D"]
[Black "Kogan, A"]
[Result "0-1"]
[WhiteElo "2250"]
[BlackElo "2485"]

1. e4 c5 2. c3 b6 3. d4 Bb7 4. Bd3 Nf6 5. Nd2 cxd4 6. cxd4 Nc6 7. Ne2 e5 8.
d5 Nb4 9. Bb1 Bc5 10. Nc3 a5 11. Nb3 O-O 12. Nxc5 bxc5 13. O-O c4 14. a3
Nd3 15. Bxd3 cxd3 16. Be3 Ba6 17. b4 Qc7 18. Qd2 Qc4 19. f3 axb4 20. axb4
Qxb4 21. Ra4 Qd6 22. Rfa1 Rfc8 23. R1a3 Ne8 24. Qa2 Nc7 25. Ra5 h5 26. Nd1
Rab8 27. Rc5 Bb5 28. Rac3 Rb7 29. h3 Ra8 30. Qb2 Rab8 31. Rb3 Qa6 32. Nf2
f5 33. d6 Ne6 34. Rxe5 f4 35. Bd2 Bc4 36. Rxb7 Rxb7 37. Qc3 Rb3 38. Qa5
Qxd6 39. Rxh5 Qd4 40. Qa8+ Nf8 41. Rh8+ Kxh8 42. Qxf8+ Kh7 43. Qe8 Rb5 0-1

[Event "Politiken"]
[Site "Copenhagen DEN"]
[Date "1996.06.25"]
[Round "4"]
[White "Hector, J"]
[Black "Mortensen, E"]
[Result "1/2-1/2"]
[WhiteElo "2520"]
[BlackElo "2430"]

1. e4 c5 2. Nc3 e6 3. Nf3 a6 4. d4 cxd4 5. Nxd4 Qc7 6. Bd3 Bc5 7. Nb3 Be7
8. Qg4 g6 9. Bg5 d6 10. Bxe7 Qxe7 11. O-O-O Nf6 12. Qg3 Nbd7 13. Be2 e5 14.
Qe3 O-O 15. g4 b5 16. g5 Ne8 17. Nd5 Qd8 18. h4 Bb7 19. h5 Bxd5 20. Rxd5
Nb6 21. Rd3 Nc4 22. Qg3 Qe7 23. Qh4 Nc7 24. Rf3 Ne6 25. Rf6 Nf4 26. Bg4 Ra7
27. Rd1 Rd8 28. Kb1 a5 29. Nc1 d5 30. hxg6 fxg6 31. exd5 Qb4 32. Nb3 a4 33.
Rxf4 axb3 34. Rxc4 bxa2+ 35. Ka1 Qxc4 36. Be6+ Kh8 37. Qg3 Qf4 38. Qxf4
exf4 39. Rd4 Rc7 40. Rxf4 Rxc2 41. Kxa2 Rd2 42. Kb3 R2xd5 43. Bxd5 Rxd5 44.
Rg4 Kg7 45. Kb4 h6 46. gxh6+ Kxh6 47. Ka5 Rd2 48. b4 Rxf2 49. Kxb5 g5 50.
Kc5 Kh5 51. Rg1 g4 52. b5 Rc2+ 53. Kd6 1/2-1/2

[Event "Politiken"]
[Site "Copenhagen DEN"]
[Date "1996.06.25"]
[Round "4"]
[White "Szylar, E"]
[Black "Andersen, P"]
[Result "0-1"]
[WhiteElo "2115"]
[BlackElo "2070"]

1. e4 Nf6 2. Nc3 d5 3. e5 d4 4. exf6 dxc3 5. bxc3 exf6 6. d4 Be6 7. Nf3 c6
8. Bd3 Be7 9. O-O O-O 10. c4 Na6 11. c3 Nc7 12. Rb1 Rb8 13. Qc2 g6 14. Re1
Bg4 15. Re3 Re8 16. h3 Be6 17. h4 a6 18. h5 f5 19. Bd2 b5 20. cxb5 axb5 21.
Rbe1 Ra8 22. c4 bxc4 23. Bxc4 Nd5 24. R3e2 Qc7 25. hxg6 hxg6 26. Ng5 Bxg5
27. Bxg5 Qd7 28. Qb3 Kg7 29. Qg3 f6 30. Bc1 Bf7 31. a3 Rxe2 32. Rxe2 Ra4
33. Rc2 Qe7 34. Qb3 Qe1+ 35. Kh2 Ra8 36. Bxd5 Rh8+ 37. Kg3 Bxd5 38. Qb7+
Bf7 39. Qxc6 Qd1 40. Kf4 Rh4+ 41. Ke3 Re4+ 0-1

[Event "Politiken"]
[Site "Copenhagen DEN"]
[Date "1996.06.25"]
[Round "4"]
[White "Brynell, S"]
[Black "Pedersen, NV"]
[Result "1-0"]
[WhiteElo "2445"]
[BlackElo "2290"]

1. e4 e5 2. Nf3 Nc6 3. Bb5 a6 4. Bxc6 dxc6 5. O-O f6 6. d4 exd4 7. Nxd4 c5
8. Ne2 Qxd1 9. Rxd1 Bd7 10. Nbc3 O-O-O 11. Bf4 Ne7 12. Bg3 Re8 13. Rd2 g5
14. Rad1 Bc6 15. f3 b6 16. a4 f5 17. Be5 Rg8 18. Ng3 fxe4 19. Ngxe4 Bg7 20.
Bxg7 Rxg7 21. a5 Rf8 22. Ng3 Rg6 23. h3 Nf5 24. Nxf5 Rxf5 25. Rd8+ Kb7 26.
Rh8 Rf7 27. Rdd8 Rd6 28. Kf2 bxa5 29. Kg3 Rxd8 30. Rxd8 h5 31. h4 g4 32. f4
Re7 33. f5 Rf7 34. Kf4 Bd7 35. f6 Rxf6+ 36. Kg5 Rf7 37. Kxh5 Bf5 38. Rd2
Rg7 39. g3 Re7 40. Kg5 Bd7 41. Re2 Rf7 42. h5 Rf5+ 43. Kxg4 Rd5+ 44. Kh4
Rd4+ 45. Re4 Bf5 46. Rxd4 cxd4 47. Ne2 c5 48. c4 Bd3 49. h6 Kc6 50. Kg5 Kd7
51. Nf4 Be4 52. Kf6 d3 53. Nxd3 Bxd3 54. g4 Ke8 55. Kg7 1-0

[Event "Politiken"]
[Site "Copenhagen DEN"]
[Date "1996.06.25"]
[Round "4"]
[White "Borbjerggaard, L"]
[Black "Kulaots, K"]
[Result "1-0"]
[WhiteElo "2185"]
[BlackElo "2400"]

1. d4 Nf6 2. c4 g6 3. Nc3 Bg7 4. e4 O-O 5. Be2 d6 6. Nf3 e5 7. O-O Na6 8.
Be3 Qe8 9. dxe5 dxe5 10. Nd2 Qe7 11. Nd5 Qd8 12. a3 c6 13. Nxf6+ Bxf6 14.
c5 Nc7 15. Nc4 Ne6 16. Qxd8 Rxd8 17. Rad1 Rxd1 18. Rxd1 h5 19. Nd6 Kf8 20.
Bc4 Ke7 21. g3 Nd8 22. Rd2 Bh3 23. f4 Rb8 24. f5 b5 25. cxb6 axb6 26. Bxb6
Bg5 27. Rd3 gxf5 28. Bc7 Ra8 29. exf5 Bc1 30. Ne4 Nb7 31. f6+ Kf8 32. Nf2
Bf5 33. Rb3 Bc8 34. Rb6 Na5 35. Bd3 Be6 36. b4 Nb3 37. a4 Ke8 38. Rb8+ Rxb8
39. Bxb8 Nd2 40. Ne4 Nf3+ 41. Kf2 Nxh2 42. a5 Ng4+ 43. Ke2 c5 44. bxc5 Bd5
45. a6 Ba3 46. Bb5+ 1-0

[Event "Politiken"]
[Site "Copenhagen DEN"]
[Date "1996.06.25"]
[Round "4"]
[White "Olsen, H"]
[Black "Korchnoi, V"]
[Result "0-1"]
[WhiteElo "2325"]
[BlackElo "2645"]

1. d4 Nf6 2. Nf3 e6 3. g3 b6 4. Bg2 Bb7 5. O-O Be7 6. c4 O-O 7. Nc3 Ne4 8.
Qc2 Nxc3 9. Qxc3 c5 10. Rd1 d6 11. d5 e5 12. e4 Bc8 13. a3 Bg4 14. Re1 Nd7
15. Nd2 Bh5 16. b4 Bg5 17. Nf1 Bxc1 18. Raxc1 f5 19. exf5 Rxf5 20. Nd2 Bg6
21. Ne4 Nf6 22. bxc5 bxc5 23. Rb1 Nxe4 24. Bxe4 Rf7 25. Bxg6 hxg6 26. Rb2
Qg5 27. Qe3 Qh5 28. Reb1 Raf8 29. Rb8 Qg4 30. Rxf8+ Rxf8 31. Qd3 Rf3 32.
Rb8+ Kh7 33. h3 Qxg3+ 34. fxg3 Rxd3 35. Rd8 Rxg3+ 36. Kh2 Rxa3 37. Rxd6 Ra4
38. Rc6 Rxc4 39. d6 Rc2+ 40. Kg3 Rc3+ 41. Kg4 c4 42. d7 Rd3 43. Rc7 a5 44.
Ra7 c3 45. Rxa5 Rxd7 46. Rc5 Rd4+ 0-1

[Event "Politiken"]
[Site "Copenhagen DEN"]
[Date "1996.06.25"]
[Round "4"]
[White "Hellstrom, A"]
[Black "Brondum, E"]
[Result "0-1"]
[WhiteElo "2245"]
[BlackElo "2270"]

1. d4 Nf6 2. Nf3 g6 3. Bg5 Bg7 4. Nbd2 d5 5. c3 O-O 6. Bxf6 Bxf6 7. b4 Nd7
8. e3 e5 9. Nb3 exd4 10. cxd4 Qe7 11. Qd2 Bg7 12. Rc1 Nf6 13. a3 Ne4 14.
Qa2 c6 15. Nc5 Bg4 16. Be2 Bxf3 17. gxf3 Nd6 18. O-O Rfe8 19. Rfe1 Qh4 20.
Bf1 Re7 21. Red1 Rae8 22. a4 a6 23. Nxa6 bxa6 24. Rxc6 Nf5 25. Qxd5 Bh6 26.
Qa2 Bxe3 27. fxe3 Nxe3 28. Rdc1 Nxf1 29. Qf2 Nxh2 30. Qxh4 Nxf3+ 31. Kf2
Nxh4 32. Rc8 Re2+ 33. Kf1 Re1+ 34. Kf2 Rxc1 35. Rxc1 Nf5 36. Rc4 Rd8 37. b5
axb5 38. axb5 Rb8 39. Rb4 Nxd4 40. Rxd4 Rxb5 41. Kg3 Kg7 42. Rd7 h5 43. Ra7
g5 44. Rc7 Rb3+ 45. Kg2 Kg6 46. Rc6+ f6 47. Ra6 g4 48. Ra4 Kg5 49. Ra8 h4
50. Ra4 Rb2+ 51. Kg1 f5 52. Rc4 g3 53. Ra4 h3 54. Ra1 Rd2 55. Rb1 f4 56.
Ra1 f3 0-1

[Event "Politiken"]
[Site "Copenhagen DEN"]
[Date "1996.06.25"]
[Round "4"]
[White "Pyda, Z"]
[Black "Henriksen, B"]
[Result "1-0"]
[WhiteElo "2305"]
[BlackElo "2080"]

1. d4 Nf6 2. c4 c5 3. d5 b5 4. Nf3 g6 5. a4 bxc4 6. Nc3 Bg7 7. e4 d6 8.
Bxc4 O-O 9. O-O Ba6 10. Bxa6 Nxa6 11. Qe2 Nc7 12. Rd1 Nd7 13. Bf4 Rb8 14.
e5 dxe5 15. Nxe5 Nxe5 16. Bxe5 Bxe5 17. Qxe5 Qd6 18. Qe2 Rb4 19. Rd2 Rd4
20. Rad1 Rxd2 21. Rxd2 Rd8 22. g3 f5 23. Rd1 Rb8 24. Rd3 Rb4 25. Qd2 Kg7
26. a5 Nb5 27. Nxb5 Rxb5 28. Re3 c4 29. Re6 Qxd5 30. Rxe7+ Kf6 31. Qxd5
Rxd5 32. Rxa7 Rb5 33. Rc7 Rxb2 34. Rxc4 Ra2 35. Rc5 Ke6 36. Kg2 Kd6 37. Rb5
Kc6 38. Rb6+ Kc7 39. Ra6 Kb7 40. Rf6 Rxa5 41. Rf7+ Kc6 42. Rxh7 Kd5 43. Rh6
Ra6 44. f4 Rf6 45. Kh3 Ke6 46. Kh4 Kf7 47. Rh7+ Kg8 48. Ra7 Rb6 49. Kg5 Rc6
50. Kh6 Kf8 51. Rg7 1-0

[Event "Politiken"]
[Site "Copenhagen DEN"]
[Date "1996.06.25"]
[Round "4"]
[White "Schandorff, L"]
[Black "De Firmian, N"]
[Result "1/2-1/2"]
[WhiteElo "2485"]
[BlackElo "2595"]

1. d4 Nf6 2. c4 e6 3. Nc3 Bb4 4. Qc2 O-O 5. a3 Bxc3+ 6. Qxc3 Ne4 7. Qc2 f5
8. Nf3 b6 9. e3 Bb7 10. Be2 d6 11. O-O Nd7 12. b4 c5 13. Bb2 Qe7 14. bxc5
bxc5 15. Rab1 Rab8 16. Ba1 cxd4 17. exd4 Ng5 18. Nxg5 Qxg5 19. d5 f4 20. f3
exd5 21. Rfd1 Nb6 22. cxd5 Rbc8 23. Qd2 Ba8 24. Rb4 Rc5 25. Bd4 Rxd5 26.
Qb2 Re8 27. Bb5 Rc8 28. Ba6 Re8 29. Bb5 Re7 30. Rc1 Rf5 31. Bd3 Rf8 32. Kh1
Rfe8 33. Qf2 Nd5 34. Rb5 Kh8 35. Be4 Qh5 36. Rcb1 Qf7 37. Rb8 Nb6 38. Rxe8+
Qxe8 39. Bd3 Bd5 40. Qh4 Bg8 41. Qxf4 Re1+ 42. Rxe1 Qxe1+ 43. Bg1 d5 44.
Qb4 Qa1 45. Bb5 Nc4 46. a4 h6 47. Qc5 g6 48. Bc6 Ne5 49. h3 Qd1 50. Kh2 Qe2
51. Kh1 Qd1 52. Kh2 Nd3 53. Qe3 Ne1 54. Bd7 Nc2 55. Qe7 Qa1 56. Qe2 Qc3 57.
Bf2 Nd4 58. Bxd4+ Qxd4 59. Be6 g5 60. Bf5 Qf4+ 61. Kg1 d4 62. Kf2 Qd6 63.
Qe4 1/2-1/2

[Event "Politiken"]
[Site "Copenhagen DEN"]
[Date "1996.06.25"]
[Round "4"]
[White "Emms, J"]
[Black "Hodgson, Ju"]
[Result "1-0"]
[WhiteElo "2500"]
[BlackElo "2615"]

1. e4 c5 2. Nf3 d6 3. d4 cxd4 4. Nxd4 Nf6 5. Nc3 g6 6. Bc4 Bg7 7. O-O O-O
8. Re1 Nc6 9. h3 Nxd4 10. Qxd4 Be6 11. Bxe6 fxe6 12. e5 Nh5 13. g4 Bxe5 14.
Rxe5 dxe5 15. Qxd8 Raxd8 16. gxh5 gxh5 17. Be3 a6 18. Ne4 Rc8 19. c3 Rc4
20. Nd2 Rc6 21. a4 Kf7 1-0

[Event "Politiken"]
[Site "Copenhagen DEN"]
[Date "1996.06.25"]
[Round "4"]
[White "Sorensen, H"]
[Black "Arduman, C"]
[Result "0-1"]
[WhiteElo "2245"]
[BlackElo "2410"]

1. d4 Nf6 2. c3 g6 3. Bg5 Bg7 4. Nd2 d5 5. e3 O-O 6. Be2 c5 7. Ngf3 Qb6 8.
Qb3 Nc6 9. O-O Be6 10. Qxb6 axb6 11. Ne1 Ne4 12. Nxe4 dxe4 13. a3 Bb3 14.
f4 f6 15. Bh4 Bh6 16. g4 e5 17. g5 fxg5 18. fxg5 Bg7 19. dxc5 bxc5 20.
Rxf8+ Bxf8 21. Ng2 Be7 22. Bd1 c4 23. Bxb3 cxb3 24. Rd1 Rd8 0-1

[Event "Politiken"]
[Site "Copenhagen DEN"]
[Date "1996.06.25"]
[Round "4"]
[White "Glek, I"]
[Black "Hartvig, O"]
[Result "1-0"]
[WhiteElo "2635"]
[BlackElo "2300"]

1. e4 c5 2. Nf3 Nf6 3. Nc3 Nc6 4. Bb5 Nd4 5. e5 Nxb5 6. Nxb5 Nd5 7. Ng5 f6
8. Qf3 Nc7 9. exf6 exf6 10. Qe4+ Ne6 11. Nxh7 Rxh7 12. Qg6+ Ke7 13. Qxh7
Kf7 14. O-O d5 15. d3 Bd7 16. Nc3 Bc6 17. f4 Nd4 18. Rf2 Qe7 19. Bd2 Nxc2
20. Rc1 Nd4 21. Re1 Qd7 22. f5 Be7 23. Ne2 Nc2 24. Rc1 Nb4 25. Nf4 1-0

[Event "Politiken"]
[Site "Copenhagen DEN"]
[Date "1996.06.25"]
[Round "4"]
[White "Tisdall, J"]
[Black "Aagaard, J"]
[Result "0-1"]
[WhiteElo "2510"]
[BlackElo "2290"]

1. d4 Nf6 2. c4 e6 3. Nc3 Bb4 4. Qc2 O-O 5. a3 Bxc3+ 6. Qxc3 b6 7. Bg5 Ba6
8. e3 d6 9. f3 Nbd7 10. Nh3 h6 11. Bh4 Rc8 12. O-O-O c5 13. d5 exd5 14.
cxd5 Bxf1 15. Rhxf1 b5 16. Kb1 b4 17. axb4 Qb6 18. b5 a6 19. bxa6 Qxa6 20.
e4 Rb8 21. Nf2 c4 22. Rc1 Rfc8 23. Bxf6 gxf6 24. Ng4 Rb3 25. Nxf6+ Nxf6 26.
Qxf6 c3 27. Rf2 Qd3+ 28. Ka2 Rxb2+ 0-1

[Event "Politiken"]
[Site "Copenhagen DEN"]
[Date "1996.06.25"]
[Round "4"]
[White "Gulko, B"]
[Black "Taimanov, M"]
[Result "1-0"]
[WhiteElo "2615"]
[BlackElo "2480"]

1. c4 e6 2. Nc3 Bb4 3. Qb3 Nc6 4. a3 Be7 5. Nf3 Nf6 6. d4 d5 7. cxd5 exd5
8. Bg5 O-O 9. e3 Na5 10. Qc2 h6 11. Bh4 Be6 12. Rd1 Nd7 13. Bg3 c6 14. Be2
b5 15. O-O Nc4 16. a4 a6 17. b3 Na5 18. axb5 axb5 19. Ra1 Nb7 20. Ne5 Nxe5
21. Bxe5 Qb6 22. Bd3 Rfc8 23. Bh7+ Kf8 24. Bf5 Nd8 25. Bxe6 Nxe6 26. Qh7
Ke8 27. Bxg7 b4 28. Na4 Qb5 29. Qg8+ Nf8 30. Bxh6 Qd3 31. Rab1 Qg6 1-0

[Event "Politiken"]
[Site "Copenhagen DEN"]
[Date "1996.06.25"]
[Round "4"]
[White "Hvenekilde, J"]
[Black "Molvig, H"]
[Result "1/2-1/2"]
[WhiteElo "2315"]
[BlackElo "2180"]

1. d4 Nf6 2. c4 g6 3. Nc3 Bg7 4. e4 d6 5. f3 O-O 6. Be3 e5 7. Nge2 c6 8.
Qd2 Nbd7 9. O-O-O a6 10. d5 cxd5 11. cxd5 b5 12. Ng3 Nc5 13. Bd3 Bd7 14.
Kb1 Qa5 15. Nce2 b4 16. Rc1 Bb5 17. Bxc5 dxc5 18. Bc4 Ne8 19. b3 Nd6 20.
Rc2 Rfe8 21. Nc1 Qb6 22. Qe3 Bd7 23. Nf1 a5 24. Nd2 a4 25. Rb2 Qa7 26. Kc2
axb3+ 1/2-1/2

[Event "Politiken"]
[Site "Copenhagen DEN"]
[Date "1996.06.25"]
[Round "4"]
[White "Hansen, Mo"]
[Black "Nielsen, JW"]
[Result "1/2-1/2"]
[WhiteElo "2085"]
[BlackElo "2150"]

1. d4 Nf6 2. c4 e6 3. Qc2 c5 4. Nf3 Nc6 5. dxc5 Bxc5 6. a3 O-O 7. e3 b6 8.
Bd3 Bb7 9. b4 Be7 10. Bb2 h6 11. Nbd2 d5 12. O-O Rc8 13. Rfd1 a5 14. b5 Nb8
15. Nb3 Nbd7 16. Rac1 Nc5 17. Nxc5 Bxc5 18. Qe2 Qe7 19. a4 dxc4 20. Bxc4
Ne4 21. Ne5 Rfd8 22. Qg4 Qg5 23. Qxg5 hxg5 24. Be2 1/2-1/2

[Event "Politiken"]
[Site "Copenhagen DEN"]
[Date "1996.06.25"]
[Round "4"]
[White "Maksimenko, A"]
[Black "Lejlic, S"]
[Result "1-0"]
[WhiteElo "2545"]
[BlackElo "2420"]

1. d4 d5 2. c4 Nc6 3. cxd5 Qxd5 4. e3 e5 5. Nc3 Bb4 6. Bd2 Bxc3 7. bxc3 Nf6
8. c4 Qd6 9. d5 Ne7 10. Qb1 O-O 11. Bb4 c5 12. dxc6 Qc7 13. Nf3 bxc6 14.
Qb2 c5 15. Bc3 Ne4 16. Nxe5 f6 17. Nf3 Bg4 18. Be2 Ng6 19. O-O Rae8 20. h3
Bxf3 21. Bxf3 Nh4 22. Bd1 f5 23. Be1 Re6 24. f3 Ng3 25. Bxg3 Qxg3 26. Qf2
Qe5 27. Rb1 Qxe3 28. g3 Ng6 29. f4 Rd8 30. Bf3 Rd2 31. Qxe3 Rxe3 32. Rf2
Rdd3 33. Kg2 h5 34. h4 Nf8 35. Rb8 g6 36. Rc8 Kg7 37. Rxc5 Ra3 38. Rc7+ Kh6
39. Rc8 Nd7 40. c5 Nf6 41. c6 Ne4 42. Rh8+ Kg7 43. c7 Kxh8 44. c8=Q+ Kh7
45. Rc2 1-0

[Event "Politiken"]
[Site "Copenhagen DEN"]
[Date "1996.06.25"]
[Round "4"]
[White "Gabrielsen, S"]
[Black "Madsen, D"]
[Result "1-0"]
[WhiteElo "2175"]
[BlackElo "2325"]

1. e4 Nf6 2. e5 Nd5 3. d4 d6 4. Nf3 Bg4 5. Be2 c6 6. Ng5 Bf5 7. e6 fxe6 8.
g4 Bg6 9. Nxe6 Qd7 10. Nf4 Bf7 11. c4 Nxf4 12. Bxf4 g6 13. Nc3 Bg7 14. Qd2
O-O 15. O-O-O b5 16. cxb5 cxb5 17. Bxb5 Qb7 18. Ba4 Na6 19. Rhe1 Rab8 20.
b3 Rfc8 21. Re3 Qb4 22. Bg3 e5 23. dxe5 Nc5 24. Qxd6 Nxb3+ 25. Bxb3 Rxc3+
26. Kb2 Rc5 27. f4 Bf8 28. Qd2 Qa4 29. e6 Bg7+ 30. Kb1 Bxe6 31. Qd8+ Bf8
32. Qxb8 1-0

[Event "Politiken"]
[Site "Copenhagen DEN"]
[Date "1996.06.25"]
[Round "4"]
[White "Bekker Jensen, D"]
[Black "Dahl Pedersen, He"]
[Result "1-0"]
[WhiteElo "2220"]
[BlackElo "2055"]

1. d4 Nf6 2. c4 e6 3. Nc3 Bb4 4. e3 O-O 5. Bd3 d5 6. cxd5 exd5 7. Nge2 c5
8. O-O Nc6 9. a3 Bxc3 10. bxc3 Re8 11. f3 a6 12. Ng3 b5 13. Bb1 Rb8 14. Ra2
a5 15. Raf2 Ba6 16. Re1 Qb6 17. Bb2 Rbd8 18. Rfe2 a4 19. e4 cxd4 20. cxd4
dxe4 21. fxe4 Ne5 22. Ba1 Nc4 23. Ra2 Bb7 24. Kh1 h5 25. d5 Bc8 26. Nxh5
Ng4 27. Nxg7 Rf8 28. Nf5 Bxf5 29. exf5 Nce3 30. Qf3 Qh6 31. h3 Rxd5 32. Be4
Qh4 33. Rae2 Rd6 34. Kg1 Rfd8 35. hxg4 Nxg4 36. Qh3 1-0

[Event "Politiken"]
[Site "Copenhagen DEN"]
[Date "1996.06.25"]
[Round "4"]
[White "Coleman, D"]
[Black "Sylvan, J"]
[Result "1-0"]
[WhiteElo "2255"]
[BlackElo "2265"]

1. e4 c5 2. Nf3 d6 3. d4 cxd4 4. Nxd4 Nf6 5. Nc3 g6 6. Be3 Bg7 7. f3 Nc6 8.
Qd2 O-O 9. Bc4 Bd7 10. h4 Ne5 11. Bb3 Rc8 12. O-O-O h5 13. Bg5 Rc5 14. g4
hxg4 15. f4 Nc4 16. Qe2 Qc8 17. Bxf6 Bxf6 18. Nd5 Rxd5 19. exd5 Na5 20. h5
g5 21. Qd2 Nxb3+ 22. axb3 gxf4 23. Qxf4 Kh7 24. Rhf1 Rg8 25. Qe4+ Kh8 26.
Nf5 Bxf5 27. Rxf5 g3 28. Qf4 Qf8 29. Rg1 Qg7 30. Rxg3 Bxb2+ 31. Kd1 Qd4+
32. Qxd4+ Bxd4 33. Rxg8+ Kxg8 34. Rf4 Be5 35. Rc4 b6 36. Rc7 a5 37. Rxe7
Bd4 38. Ke2 Kg7 39. Kd3 Bc5 40. Kc4 Kh6 41. Rxf7 Kxh5 42. Rg7 Kh6 43. Rg8
Kh5 44. Kb5 Kh6 45. Kc6 Kh5 46. c4 Kh6 47. Kc7 Kh5 48. Rb8 Kg6 49. Rxb6 1-0

[Event "Politiken"]
[Site "Copenhagen DEN"]
[Date "1996.06.25"]
[Round "4"]
[White "Hoiberg, N"]
[Black "Sher, M"]
[Result "0-1"]
[WhiteElo "2290"]
[BlackElo "2500"]

1. e4 c5 2. Nf3 d6 3. d4 Nf6 4. Nc3 cxd4 5. Nxd4 Nc6 6. Be2 e5 7. Nb3 Be7
8. O-O O-O 9. f4 a5 10. Be3 a4 11. fxe5 dxe5 12. Qxd8 Rxd8 13. Nd2 Nd4 14.
Bd3 Be6 15. Nf3 Ng4 16. Bxd4 exd4 17. Nb5 Bf6 18. Nc7 Rac8 19. Nxe6 fxe6
20. h3 Ne3 21. Rf2 e5 22. g3 Rc5 23. b3 Ra8 24. Rb1 axb3 25. axb3 Rc3 26.
Nh2 Rac8 27. Ng4 Nxc2 28. Bc4+ Kh8 29. Nxf6 gxf6 30. Kh2 Kg7 31. g4 h6 32.
Rc1 Ne3 33. Rxc3 dxc3 34. Re2 c2 0-1

[Event "Politiken"]
[Site "Copenhagen DEN"]
[Date "1996.06.25"]
[Round "4"]
[White "Henrichsen, J"]
[Black "Brinck Claussen, B"]
[Result "0-1"]
[WhiteElo "2075"]
[BlackElo "2380"]

1. d4 Nf6 2. c4 g6 3. Nc3 d5 4. Nf3 Bg7 5. Qb3 dxc4 6. Qxc4 O-O 7. e4 Na6
8. Be2 c5 9. d5 e6 10. O-O exd5 11. exd5 Re8 12. Be3 Qb6 13. Qb5 Bd7 14.
Qxb6 axb6 15. Rfd1 Ng4 16. Bb5 Bxb5 17. Nxb5 Nxe3 18. fxe3 Rxe3 19. Rd2 Rd8
20. Kf2 Bh6 21. Rad1 Rxf3+ 22. Kxf3 Bxd2 23. Rxd2 Rd7 24. Kf4 f6 25. g4 Kf7
26. h4 Nc7 27. Nxc7 Rxc7 28. g5 Rc8 29. Re2 Rd8 30. Re6 fxg5+ 31. hxg5 Rxd5
32. Rxb6 Rd4+ 33. Ke5 Rb4 0-1

[Event "Politiken"]
[Site "Copenhagen DEN"]
[Date "1996.06.25"]
[Round "4"]
[White "Ostergaard, J"]
[Black "Hansen, SuB"]
[Result "0-1"]
[WhiteElo "2300"]
[BlackElo "2495"]

1. d4 d5 2. c4 e5 3. dxe5 d4 4. Nf3 Nc6 5. g3 Bf5 6. Bg2 Qd7 7. O-O Nge7 8.
Qb3 O-O-O 9. Rd1 Bh3 10. Bh1 f6 11. exf6 gxf6 12. Nc3 Na5 13. Qa4 Qxa4 14.
Nxa4 Nf5 15. b3 Nc6 16. Nb2 Bb4 17. Nd3 Bc3 18. Rb1 Bg4 19. Bg2 Nd6 20. h3
Bf5 21. Nh4 Be4 22. f3 Bxd3 23. exd3 Nb4 24. a3 Nc2 25. Bb2 Bxb2 26. Rxb2
Ne3 27. Re1 Rde8 28. b4 Re7 29. Rbe2 Rhe8 30. Bh1 c6 31. f4 h5 32. Bf3 Rg8
33. Kh2 Reg7 34. Rg1 Rxg3 35. Ree1 R3g7 36. Rxg7 Rxg7 37. Rg1 Re7 38. Bxh5
Rh7 39. Bg4+ f5 40. Nxf5 Ndxf5 41. Bxf5+ Nxf5 42. Rg5 Rf7 43. a4 Kd7 44. c5
Ke6 45. Rg6+ Rf6 46. Rg8 Ne3 47. Rd8 Rxf4 48. b5 Rf2+ 49. Kg1 Rf1+ 50. Kh2
Nf5 51. Rb8 cxb5 52. axb5 Rf2+ 53. Kg1 Rc2 54. Rxb7 Rxc5 55. Rxa7 Rxb5 56.
Kf2 Rb3 57. Ke2 Ke5 58. Ra8 Kf4 59. Rf8 Rb2+ 60. Kd1 Rh2 61. Kc1 Rxh3 62.
Kd2 Ke5 63. Re8+ Kd5 64. Rd8+ Nd6 65. Rf8 Rh2+ 66. Kd1 Ke5 67. Kc1 Nb7 68.
Re8+ Kd5 69. Rg8 Nc5 70. Kd1 Rh3 71. Rg5+ Kc6 72. Kc2 Nxd3 0-1

[Event "Politiken"]
[Site "Copenhagen DEN"]
[Date "1996.06.25"]
[Round "4"]
[White "Tukmakov, V"]
[Black "Lyrberg, P"]
[Result "1-0"]
[WhiteElo "2595"]
[BlackElo "2425"]

1. d4 Nf6 2. Nf3 g6 3. c4 Bg7 4. g3 O-O 5. Bg2 d6 6. O-O Nbd7 7. Nc3 e5 8.
e4 a6 9. Qc2 exd4 10. Nxd4 c5 11. Nde2 Rb8 12. a4 Re8 13. b3 Qe7 14. Bb2 b6
15. Nf4 Bb7 16. Rfe1 Ne5 17. Rad1 Nc6 18. Nfd5 Nxd5 19. Nxd5 Qd8 20. Bxg7
Kxg7 21. Qc3+ Nd4 22. Rxd4 cxd4 23. Qxd4+ f6 24. Nf4 Qc7 25. Bh3 Kf7 26.
Nd5 Bxd5 27. cxd5 f5 1-0

[Event "Politiken"]
[Site "Copenhagen DEN"]
[Date "1996.06.27"]
[Round "5"]
[White "Rowson, J"]
[Black "Hartung Nielsen, J"]
[Result "1/2-1/2"]
[WhiteElo "2415"]
[BlackElo "2260"]

1. d4 Nf6 2. c4 e6 3. Nc3 Bb4 4. e3 O-O 5. Nge2 d5 6. a3 Be7 7. cxd5 exd5
8. Ng3 c5 9. dxc5 Bxc5 10. Be2 Nc6 11. O-O a6 12. b4 Ba7 13. b5 Na5 14.
bxa6 bxa6 15. Na2 Nc4 16. e4 Be6 17. exd5 Qxd5 18. Qxd5 Bxd5 19. Nb4 Be6
20. Bf3 Bd4 21. Ra2 Ra7 22. Rd1 Bc5 23. Re2 Rd7 24. Rxd7 Nxd7 25. Nxa6 Bxa3
26. Bf4 Bd6 27. Bxd6 Nxd6 28. Nc7 Nc5 29. Rc2 Bc4 30. Rd2 Nb5 31. Nxb5 Bxb5
32. Rd5 Rc8 33. Bg4 Bc4 34. Re5 Be6 35. Be2 Nd7 36. Ra5 Nf6 37. Nf1 h6 38.
Ra1 Nd5 39. Bf3 Nf6 40. Ne3 Kf8 41. h3 Rd8 42. Ra5 Ke7 43. h4 Kf8 44. Kh2
Ke7 45. g4 Kf8 46. Kg3 Ng8 47. Ng2 Nf6 48. Nf4 Ke7 49. Ra7+ Rd7 50. Ra5 Rd8
51. Ra7+ Rd7 52. Ra8 Rd8 53. Ra3 Rd6 54. Ra1 Bb3 55. Rb1 Be6 56. Re1 Kf8
57. Re5 Nd7 58. Ra5 Nf6 59. Ra8+ Ke7 60. Ra1 Kf8 61. Rh1 Nd7 62. Re1 Nf6
63. Rc1 Ke7 64. Ng2 Bd5 65. Ne3 Be6 66. Ra1 Rd7 67. Ra3 Rd8 68. Bg2 Rb8 69.
Bf3 Kf8 70. Ra4 Ke7 71. Be2 Kf8 72. Bd1 Bb3 73. Bxb3 Rxb3 74. Ra8+ Ke7 75.
Ra7+ Kf8 76. Kf4 Rb4+ 77. Kf3 Rb3 78. Kg2 g6 79. h5 Rb6 80. hxg6 fxg6 81.
Kf3 Re6 82. Ng2 Re7 83. Ra6 Rf7 84. Ra4 1/2-1/2

[Event "Politiken"]
[Site "Copenhagen DEN"]
[Date "1996.06.27"]
[Round "5"]
[White "Schneider, S"]
[Black "Hillarp Persson, T"]
[Result "1/2-1/2"]
[WhiteElo "2225"]
[BlackElo "2410"]

1. b3 e5 2. Bb2 d6 3. e3 Nd7 4. Ne2 h5 5. d4 Ngf6 6. Nd2 g6 7. c4 Qe7 8.
Qc2 Bg7 9. Rc1 O-O 10. c5 dxc5 11. dxc5 a5 12. g3 Nb8 13. Bg2 Nc6 14. a3 h4
15. O-O Ng4 16. Qc3 hxg3 17. hxg3 Qg5 18. Rfd1 Ne7 19. Nf1 Nf5 20. Qd2 Bh6
21. Rc3 c6 22. Qe1 Bg7 23. Rcc1 Be6 24. e4 Nd4 25. Nxd4 exd4 26. Bxd4 Bxd4
27. Rxd4 Bxb3 28. f3 Nf6 29. Rc3 Be6 30. Qe3 Qh5 31. Rc1 Rad8 32. Rb1 Rxd4
33. Qxd4 Nd7 34. Rxb7 Nxc5 35. Rc7 Nb3 36. Qc3 c5 37. Ne3 Nd4 38. Qxc5
Nxf3+ 39. Kf2 Ne5 40. Qc2 Rd8 41. Qe2 Nd3+ 42. Kf1 Qe5 43. Rc2 Qa1+ 44. Qd1
Qxd1+ 45. Nxd1 Ne5 46. Ke1 a4 47. Rc3 Rb8 48. Bf1 Rb1 49. Kd2 Ra1 50. Bb5
Bb3 51. Nb2 Rxa3 52. Bxa4 Rxa4 53. Rxb3 Rxe4 54. Re3 Nc4+ 55. Nxc4 Rxc4 56.
Ke2 Kg7 57. Kf3 f5 58. Rb3 Kh6 59. Rd3 Kh5 60. Rd8 Rc3+ 61. Kg2 g5 62. Rd4
Rc2+ 63. Kg1 Re2 64. Rb4 Re4 65. Rb2 Kg4 66. Kg2 Ra4 67. Rc2 Ra3 68. Rc4+
f4 69. gxf4 Ra2+ 70. Kg1 gxf4 71. Rc3 Re2 72. Kf1 Rh2 73. Kg1 Rd2 74. Kf1
Kf5 75. Ra3 Ke4 76. Rb3 Rh2 77. Ra3 Kf5 78. Ra5+ Kg4 79. Ra3 Kh4 80. Rf3
Kg4 81. Ra3 Rb2 82. Rc3 Rb4 83. Ra3 f3 84. Ra8 Kg3 85. Rg8+ Rg4 86. Rxg4+
Kxg4 87. Kf2 Kf4 88. Kf1 Kf5 89. Kf2 Kf4 1/2-1/2

[Event "Politiken"]
[Site "Copenhagen DEN"]
[Date "1996.06.27"]
[Round "5"]
[White "Gausel, E"]
[Black "Borbjerggaard, L"]
[Result "1-0"]
[WhiteElo "2515"]
[BlackElo "2185"]

1. Nf3 Nf6 2. c4 g6 3. Nc3 Bg7 4. g3 O-O 5. Bg2 d6 6. O-O Nc6 7. d3 a6 8.
Rb1 Rb8 9. b4 b5 10. cxb5 axb5 11. a4 bxa4 12. b5 Na5 13. Qxa4 Ra8 14. Bd2
Bb7 15. Rfc1 Nd7 16. Qh4 e6 17. Bg5 f6 18. Bh6 Nc5 19. Bxg7 Kxg7 20. Na4
Nab3 21. Nxc5 Nxc5 22. Nd4 Re8 23. Bxb7 Nxb7 24. Qe4 Qc8 25. Qc6 Nc5 26. b6
cxb6 27. Qxd6 Qd8 28. Rxb6 Qxd6 29. Rxd6 Rad8 30. Rxd8 Rxd8 31. Nc6 Rd5 32.
e4 Rh5 33. Nb4 Nb3 34. Rc7+ Kh6 35. Rf7 Nd4 36. Rd7 Nf3+ 37. Kg2 Ne1+ 38.
Kf1 Nf3 39. h4 Rb5 40. Nc2 Rb2 41. Ne3 f5 42. exf5 exf5 43. Nc4 Ra2 44. Rb7
f4 45. gxf4 Ra1+ 46. Ke2 Ng1+ 47. Ke3 Re1+ 48. Kd4 Nh3 49. Rf7 Nxf2 50. Ne5
Re2 51. Re7 Ra2 52. Ke3 Nh3 53. Ng4+ Kh5 54. Nf6+ Kxh4 55. Rxh7+ Kg3 56.
Ne4+ Kg4 57. Rf7 Ng1 58. Nc3 Rc2 59. Rf6 Kh4 60. Ne4 Re2+ 61. Kd4 Nf3+ 62.
Kd5 Re3 63. Kc4 Ne1 64. Nc5 Kg4 65. d4 g5 66. f5 Rf3 67. Re6 Nc2 68. f6 Kh4
69. d5 Rf4+ 70. Ne4 Ne3+ 71. Kd4 Nxd5 72. Kxd5 Kh5 73. Nd6 Kg6 74. Ke5 1-0

[Event "Politiken"]
[Site "Copenhagen DEN"]
[Date "1996.06.27"]
[Round "5"]
[White "Petursson, M"]
[Black "Antonsen, M"]
[Result "1-0"]
[WhiteElo "2585"]
[BlackElo "2410"]

1. c4 g6 2. e4 Bg7 3. d4 d6 4. Nc3 Nf6 5. Be2 O-O 6. Bg5 c6 7. Qd2 a6 8.
Rd1 b5 9. g3 Qc7 10. Nf3 e5 11. d5 bxc4 12. dxc6 Qxc6 13. Qxd6 Qxd6 14. O-O
Be6 15. Rxd6 Nbd7 16. Be3 h6 17. Rb1 Rfe8 18. Ne1 Bf8 19. Rdd1 Ng4 20. Bxg4
Bxg4 21. Nf3 f6 22. Rbc1 Rab8 23. Na4 Be6 24. Rd2 Kf7 25. Rdc2 f5 26. exf5
gxf5 27. Rd1 Kf6 28. Re2 Nc5 29. Nxc5 1-0